| 000 | 00000nam##2200000za#4500 |
| 001 | 9.580519 |
| 003 | CaOODSP |
| 005 | 20210624191058 |
| 007 | cr ||||||||||| |
| 008 | 150406|1984||||xxc|||||o f|0| 0 eng|d |
| 040 | |aCaOODSP|beng |
| 043 | |an-cn--- |
| 086 | 1 |aFs97-14/152-1984E-PDF |
| 110 | 1 |aCanada. |bDepartment of Fisheries and Oceans. |
| 245 | 10|aCanadian-Japanese experimental fishery for oceanic squid off British Columbia, summer 1983 / |h[electronic resource]|cby N.A. Sloan. |
| 260 | |aNanaimo - British Columbia : |bFisheries and Oceans Canada |c1984. |
| 300 | |a48p.|bfigs., tables |
| 490 | 1 |aCanadian industry report of fisheries and aquatic sciences|vNo. 152 |
| 500 | |aFile reproduced from photocopy of original print. On t. p.: Pacific Biological Station, Nanaimo, British Columbia. The catalogue number and ISSN for the print edition appear in the PDF version. |
| 546 | |a(Résumé en français.) |
| 590 | |a14-20-Supp|b2014-11-25 |
| 720 | 1 |aSloan, N. A. |
| 830 | #0|aCanadian industry report of fisheries and aquatic sciences ;|vNo. 152|w(CaOODSP)9.505199 |
| 856 | 40|ahttp://publications.gc.ca|qPDF|s3630 KB|uhttps://publications.gc.ca/collections/collection_2014/mpo-dfo/Fs97-14-152-1984-eng.pdf|yNo. 152 |